Welcome to CU Library Online Public Access Catalogue (OPAC)

Another chance : (Record no. 4494)

MARC details
000 -LEADER
fixed length control field 00652cam a2200205 a 4500
001 - CONTROL NUMBER
control field 427399
005 - DATE AND TIME OF LATEST TRANSACTION
control field 20250303163103.0
008 - FIXED-LENGTH DATA ELEMENTS--GENERAL INFORMATION
fixed length control field 810924s1981 caua 001 0 eng
020 ## - INTERNATIONAL STANDARD BOOK NUMBER
International Standard Book Number 0831400595 :
Terms of availability $12.95
050 00 - LIBRARY OF CONGRESS CALL NUMBER
Classification number HV5132
Item number .W43
082 00 - DEWEY DECIMAL CLASSIFICATION NUMBER
Classification number 362.8/2
Edition information 19
100 2# - MAIN ENTRY--PERSONAL NAME
Personal name Wegscheider-Cruse, Sharon,
Dates associated with a name 1938-
245 10 - TITLE STATEMENT
Title Another chance :
Remainder of title hope & health for the alcoholic family /
Statement of responsibility, etc. Sharon Wegscheider.
260 ## - PUBLICATION, DISTRIBUTION, ETC.
Place of publication, distribution, etc. Palo Alto, CA :
Name of publisher, distributor, etc. Science and Behavior Books,
Date of publication, distribution, etc. c1981.
300 ## - PHYSICAL DESCRIPTION
Extent 256 p. :
Other physical details ill. ;
Dimensions 24 cm.
500 ## - GENERAL NOTE
General note Includes index.
650 #0 - SUBJECT ADDED ENTRY--TOPICAL TERM
Topical term or geographic name entry element Alcoholics
General subdivision Family relationships.
650 #0 - SUBJECT ADDED ENTRY--TOPICAL TERM
Topical term or geographic name entry element Alcoholism
General subdivision Treatment.
942 ## - ADDED ENTRY ELEMENTS (KOHA)
Source of classification or shelving scheme Library of Congress Classification
Koha item type Books
Suppress in OPAC No
999 ## -
-- 4494
-- 4494
Holdings
Withdrawn status Lost status Source of classification or shelving scheme Damaged status Not for loan Collection Home library Current library Shelving location Date acquired Total checkouts Full call number Barcode Date last seen Copy number Price effective from Koha item type
    Library of Congress Classification     Non-fiction Graduate Library (Christ Temple) Graduate Library (Christ Temple) General stacks 03/03/2025   HV 5132 WEG GSCT00000587 03/03/2025 1 03/03/2025 Books
© 2023-2024 Copyright: Central University Libraries. All Rights Reserved | Created by: Mahone Tech Office